Treasure Island / (Record no. 550085)
[ view plain ]
| 000 -LEADER | |
|---|---|
| fixed length control field | 00893cam a2200205 a 4500 |
| 020 ## - INTERNATIONAL STANDARD BOOK NUMBER | |
| International Standard Book Number | 0861635820 |
| 082 00 - DEWEY DECIMAL CLASSIFICATION NUMBER | |
| Classification number | 808.831 |
| Author Mark | BIS |
| -- | L-NUST, P-42 |
| 100 1# - MAIN ENTRY--PERSONAL NAME | |
| Personal name | Stevenson, Robert Louis, |
| 9 (RLIN) | 46827 |
| 245 10 - TITLE STATEMENT | |
| Title | Treasure Island / |
| Statement of responsibility, etc. | by Robert Louis Stevenson ; illustrated by Gerry Embleton |
| 260 ## - PUBLICATION, DISTRIBUTION, ETC. | |
| Place of publication, distribution, etc. | New York : |
| Name of publisher, distributor, etc. | Award Publisher |
| Date of publication, distribution, etc. | 1991. |
| 300 ## - PHYSICAL DESCRIPTION | |
| Other physical details | ill. |
| Dimensions | 24 cm. |
| 520 ## - SUMMARY, ETC. | |
| Summary, etc. | While going through the possessions of a deceased guest who owed them money, the mistress of the inn and her son find a treasure map that leads to a pirate fortune as well as great danger. |
| 526 ## - STUDY PROGRAM INFORMATION NOTE | |
| Program name | 0 |
| Interest level | 0 |
| Reading level | 0 |
| Title point value | 808_831000000000000_BIS |
| 650 #1 - SUBJECT ADDED ENTRY--TOPICAL TERM | |
| Topical term or geographic name entry element | Adventure and adventurers |
| General subdivision | Fiction. |
| 9 (RLIN) | 11666 |
| 650 #1 - SUBJECT ADDED ENTRY--TOPICAL TERM | |
| Topical term or geographic name entry element | Buried treasure |
| General subdivision | Fiction. |
| 9 (RLIN) | 46828 |
| 650 #1 - SUBJECT ADDED ENTRY--TOPICAL TERM | |
| Topical term or geographic name entry element | Pirates |
| General subdivision | Fiction. |
| 9 (RLIN) | 46829 |
| 700 1# - ADDED ENTRY--PERSONAL NAME | |
| Personal name | Embleton, Gerry |
| 9 (RLIN) | 46830 |
| 856 42 - ELECTRONIC LOCATION AND ACCESS | |
| Uniform Resource Identifier | <a href="http://www.loc.gov/catdir/enhancements/fy0902/81008788-b.html">http://www.loc.gov/catdir/enhancements/fy0902/81008788-b.html</a> |
| 942 ## - ADDED ENTRY ELEMENTS (KOHA) | |
| Source of classification or shelving scheme | |
| Koha item type | Book |
| Withdrawn status | Lost status | Source of classification or shelving scheme | Damaged status | Not for loan | Permanent Location | Current Location | Date acquired | Total Checkouts | Total Renewals | Full call number | Barcode | Date last seen | Date last checked out | Price effective from | Koha item type |
|---|---|---|---|---|---|---|---|---|---|---|---|---|---|---|---|
| Military College of Engineering (MCE) | Military College of Engineering (MCE) | 10/24/2014 | 1 | 1 | 808.831 BIS | MCE-44424 | 11/10/2017 | 04/21/2017 | 10/24/2014 | Book |
